Loading...
| Geography/Current Events | 0 | 3 | 0 | 1 | 30 | 84 | 106.67 | 0 | 2 |
| Science - Physics | 0 | 2 | 0 | 1 | 20 | 121 | 127.50 | 0 | 1 |
| Mythology | 0 | 2 | 0 | 1 | 20 | 118 | 126.00 | 0 | 0 |
| Literature - British Literature | 0 | 1 | 0 | 0 | 10 | 141 | 141.00 | 0 | 0 |
| History - European History | 0 | 1 | 0 | 0 | 10 | 81 | 81.00 | 0 | 1 |
| Fine Arts - Visual Fine Arts | 0 | 1 | 0 | 1 | 10 | 121 | 121.00 | 0 | 1 |
| Literature - American Literature | 0 | 1 | 1 | 1 | 5 | 144 | 144.00 | 0 | 0 |
| Science - Chemistry | 0 | 0 | 0 | 0 | 0 | 0.00 | 0 | 0 | |
| Social Science | 0 | 0 | 0 | 0 | 0 | 0.00 | 0 | 0 | |
| History - Other History | 0 | 0 | 1 | 0 | -5 | 0.00 | 0 | 0 | |
| History - American History | 0 | 0 | 1 | 0 | -5 | 0.00 | 0 | 0 |